Wymienialnosc walut miedzy krajami Europy Srodkowowschodniej.

Zúčtovací systém RVHP a obchod bez peňazí. Transférový rubeľ. RVHP a regulácia vnútorného obchodu. Prechod na konvertibilnú menu a na svetové ceny. Názory ekonómov Západnej Európy. Nová menová únia v oblasti RVHP? Argumenty proti menovému systému.

Salvato in:
Dettagli Bibliografici
Autore principale: Lavigne, M.
Natura: Capitolo di libro
Lingua:polacco
Soggetti:
Tags: Aggiungi Tag
Nessun Tag, puoi essere il primo ad aggiungerne!!

MARC

LEADER 00000naa a2200000 4500
001 r005549
005 20221125122759.9
041 0 |a pol 
044 |a PL 
245 1 0 |a Wymienialnosc walut miedzy krajami Europy Srodkowowschodniej.  |c M. Lavigne 
520 |a Zúčtovací systém RVHP a obchod bez peňazí. Transférový rubeľ. RVHP a regulácia vnútorného obchodu. Prechod na konvertibilnú menu a na svetové ceny. Názory ekonómov Západnej Európy. Nová menová únia v oblasti RVHP? Argumenty proti menovému systému. 
610 2 0 |a konvertibilita 
610 2 0 |a východná Európa 
610 2 0 |a RVHP 
610 2 0 |a regulácia trhu 
610 2 0 |a ceny svetové 
610 2 0 |a únie menové 
610 2 0 |a rubeľ prevoditeľný 
100 1 |a Lavigne, M.